Statistics for Every Football League Club From Lincolnshire

Click here to take the quiz!

General Stats

  • This quiz has been taken 534 times
  • The average score is 4 of 5

Answer Stats

Clubs% Correct
Lincoln City
99%
Grimsby Town
85%
Boston United
78%
Scunthorpe United
70%
Gainsborough Trinity
41%

Score Distribution

Percentile by Number Answered

Percent of People with Each Score

Your Score History

You have not taken this quiz